| 000 | 00770nam a2200229 a 4500 | ||
|---|---|---|---|
| 005 | 20070119085348.0 | ||
| 008 | 060831s2006 ii b 000 0 eng | ||
| 010 | _aENG-91366 | ||
| 020 | _c150.00 | ||
| 035 | _aEN-74899 | ||
| 037 | _bDBAD / PUB | ||
| 040 |
_adpl _bEnglish |
||
| 082 | _a240 | ||
| 100 | _aViji, M. | ||
| 245 |
_aAn enchanting saga of Jainism / _cby M. Viji |
||
| 260 |
_aTiruchirappalli _bGems Publications _c2007 |
||
| 300 |
_avii, 104p.: _c20cm (pbk) _bb&w photos |
||
| 520 | _aHistory of Kashmiri Pandits and Kashmir, India. | ||
| 650 | _aJainism | ||
| 942 |
_2ddc _cEN _mVIJ _h240 |
||
| 999 |
_c16860 _d16860 |
||